| 000 | 00746cam a2200253 a 4500 | ||
|---|---|---|---|
| 001 | 4139759 | ||
| 003 | ARRUPE | ||
| 005 | 20140129020011.0 | ||
| 008 | 021116s2003 enk b 001 0 eng | ||
| 015 | _aGBA3-X8917 | ||
| 020 | _a1851683186 | ||
| 035 | _a(OCoLC)ocm51993871 | ||
| 035 | _a(NNC)4139759 | ||
| 040 |
_aUKM _cUKM _dNNC |
||
| 082 | 0 | 4 |
_a194 _221 |
| 100 | 1 |
_aWicks, Robert, _d1954- _96825 |
|
| 245 | 1 | 0 |
_aModern French philosophy : _bfrom existentialism and postmodernism / _cRobert Wicks. |
| 260 |
_aOxford : _bOneworld, _c2003. |
||
| 300 |
_ax, 342 p. ; _c22 cm. |
||
| 504 | _aIncludes bibliographical references and index. | ||
| 650 | 0 |
_aPhilosophy, French _y20th century. _96826 |
|
| 942 |
_2lcc _cMONOGRAPH _01 |
||
| 999 |
_c119616 _d119616 |
||